|
|
|
|
| LEADER |
00000nam2a2200000 4500 |
| 001 |
269234 |
| 005 |
20231101234233.0 |
| 035 |
|
|
|a (RuTPU)RU\TPU\book\292407
|
| 035 |
|
|
|a RU\TPU\book\278951
|
| 090 |
|
|
|a 269234
|
| 100 |
|
|
|a 20140916d1987 k y0rusy50 ca
|
| 101 |
0 |
|
|a rus
|
| 102 |
|
|
|a RU
|
| 105 |
|
|
|a a z 001zy
|
| 200 |
0 |
|
|a Т. 18, № 1
|
| 210 |
|
|
|d 1987
|
| 215 |
|
|
|a 145 с.
|c ил.
|
| 320 |
|
|
|a Библиогр. в конце ст.
|
| 461 |
|
1 |
|0 (RuTPU)RU\TPU\book\218989
|t Ученые записки ЦАГИ
|f Центральный аэрогидродинамический институт
|v Т. 18, № 1
|d 1970-1991
|
| 606 |
1 |
|
|a Аэрогазодинамика
|2 stltpush
|3 (RuTPU)RU\TPU\subj\29854
|9 53093
|
| 610 |
1 |
|
|a аэродинамика
|
| 610 |
1 |
|
|a авиация
|
| 610 |
1 |
|
|a космонавтика
|
| 610 |
1 |
|
|a управление
|
| 610 |
1 |
|
|a процессы
|
| 610 |
1 |
|
|a механика
|
| 610 |
1 |
|
|a скоростное движение
|
| 610 |
1 |
|
|a гидродинамика
|
| 610 |
1 |
|
|a физические воздействия
|
| 610 |
1 |
|
|a тела
|
| 610 |
1 |
|
|a колебания
|
| 610 |
1 |
|
|a деформирование
|
| 610 |
1 |
|
|a прочность
|
| 610 |
1 |
|
|a газ
|
| 610 |
1 |
|
|a жидкость
|
| 610 |
1 |
|
|a плазма
|
| 610 |
1 |
|
|a оптимизация
|
| 675 |
|
|
|a 533.6
|v 3
|
| 801 |
|
1 |
|a RU
|b 63413507
|c 20110907
|
| 801 |
|
2 |
|a RU
|b 63413507
|c 20160422
|g RCR
|
| 942 |
|
|
|c BK
|